000 00615cam a2200181 4500
001 D2592
008 090401t1984 xxu||||| |||| 00| 0 eng d
035 _a(Sirsi) u69763
041 _aeng
050 _a333.33096
110 _aCommonwealth Association of Surveying and Land Economy
_92570
245 4 _aThe development of African land resources with particular reference to Central and Southern Africa: report of the proceedings of a CASLE regional seminar held in Harare on 5 - 9 September 1983
260 _aLondon
_bCASLE
_c1984
300 _a285p. 30cm
350 _a0
942 _n0
948 _c04/03/1997
999 _c95228
_d95228